000 01243cam a2200253 4500
001 ABS64629
008 011022n2001 000 0 eng u
035 _a(Sirsi) u115233
110 _aFranklin and Andrews
_92518
245 _aWhole-life costs
260 _c2001
490 _aBuilding
_v266(8202) 21 September 2001, 95-98(4)
520 _aThe first article in a new series looking at whole-life costs focuses on the whole-life costing of educational institutions. Considers the rationale and methodology of whole-life costing and identifies two bases of cost measurement and their application; equivalent uniform annual cost (EUAC) and total net present value (TNPV). Concludes with discussion of the advantages of establishing a strategic plan. Tables and graphs outlining whole-life costing for adult education blocks, college, nursery schools, primary schools, secondary schools and universities.
590 _aABS
650 _aWHOLE-LIFE COSTING
650 _aOCCUPANCY COSTS
650 _aBUILT ENVIRONMENT-BUILDING COSTS
650 _aCOST MEASUREMENT
650 _aCOST PLANNING
650 _aEDUCATION SECTOR
650 _aEDUCATIONAL INSTITUTIONS
690 _aBUILT ENVIRONMENT-BUILDING COSTS
942 _n0
999 _c68623
_d68623